000
00334 a2200157 4500
001
67352
020
_a
9788574851617
040
_c
Anchieta - Pituba
100
_a
et.al.
240
1
0
_a
Casa de cultura alemã
_l
por
245
1
0
_a
Casa de cultura alemã
300
_a
179
362
0
_a
2013
650
4
_a
Língua alemã
942
_c
BK
999
_c
67352
_d
67352